Estudios sobre la historia del arte escénico en España / (Record no. 47942)

MARC details
000 -LEADER
campo de control de longitud fija 01108nam a2200265 4500
001 - NÚMERO DE CONTROL
campo de control 47942
003 - IDENTIFICADOR DE NÚMERO DE CONTROL
campo de control ES-MaACL
005 - FECHA Y HORA DE LA ÚLTIMA TRANSACCIÓN
campo de control 20250511132927.0
007 - CAMPO FIJO DE DESCRIPCIÓN FÍSICA--INFORMACIÓN GENERAL
campo de control de longitud fija t|
008 - DATOS DE LONGITUD FIJA--INFORMACIÓN GENERAL
campo de control de longitud fija 931025s1896 sp acf |||| |cspa d
080 ## - NÚMERO DE LA CLASIFICACIÓN DECIMAL UNIVERSAL
Número de la Clasificación Decimal Universal 792(460)"17/18"
080 ## - NÚMERO DE LA CLASIFICACIÓN DECIMAL UNIVERSAL
Número de la Clasificación Decimal Universal 929 Ladvenant y Quirante, María
080 ## - NÚMERO DE LA CLASIFICACIÓN DECIMAL UNIVERSAL
Número de la Clasificación Decimal Universal 929 Tirana, La
100 1# - ENTRADA PRINCIPAL--NOMBRE DE PERSONA
Nombre de persona Cotarelo y Mori, Emilio,
Fechas asociadas al nombre 1857-1936
9 (RLIN) 41168
245 10 - MENCIÓN DEL TÍTULO
Título Estudios sobre la historia del arte escénico en España /
Mención de responsabilidad, etc. por Emilio Cotarelo y Mori.
260 ## - PUBLICACIÓN, DISTRIBUCIÓN, ETC.
Lugar de publicación, distribución, etc. Madrid :
Nombre del editor, distribuidor, etc. [s.n.],
Fecha de publicación, distribución, etc. 1896 (
Fabricante Est. Tip. Sucesores de Rivadeneyra)
300 ## - DESCRIPCIÓN FÍSICA
Extensión 2 v. ;
Dimensiones 19 cm.
505 0# - NOTA DE CONTENIDO CON FORMATO
Nota de contenido con formato I. María Ladvenant y Quirante, primera dama de los teatros de la corte (205 p.; 1 retr.) - II. María del Rosario Fernández, La Tirana, primera dama de los teatros de la corte (VIII, 287 p.; il.)
600 14 - PUNTO DE ACCESO ADICIONAL DE MATERIA--NOMBRE DE PERSONA
Nombre de persona Ladvenant y Quirante, María (
Fechas asociadas al nombre 1741-1767)
9 (RLIN) 172516
600 14 - PUNTO DE ACCESO ADICIONAL DE MATERIA--NOMBRE DE PERSONA
Nombre de persona Fernández, María del Rosario,
Fechas asociadas al nombre 1755-1803
9 (RLIN) 172517
650 #4 - PUNTO DE ACCESO ADICIONAL DE MATERIA--TÉRMINO DE MATERIA
Término de materia o nombre geográfico como elemento de entrada Teatro-
Subdivisión geográfica Madrid-
Subdivisión cronológica S.XVIII.
9 (RLIN) 166599
650 #4 - PUNTO DE ACCESO ADICIONAL DE MATERIA--TÉRMINO DE MATERIA
Término de materia o nombre geográfico como elemento de entrada Teatro-
Subdivisión geográfica España-
Subdivisión cronológica S.XVIII.
9 (RLIN) 17306
852 ## - LOCALIZACIÓN
Ubicación ES-MaACL
Número de control de estantería F-8777-78
Holdings
Estatus retirado Estado de pérdida Estado de daño No para préstamo Colección Biblioteca de origen Biblioteca actual Ubicación en estantería Fecha de adquisición Fuente de adquisición Total de préstamos Signatura topográfica completa Código de barras Visto por última vez Precio de reemplazo Tipo de ítem Koha
        Libros del s. XIX Biblioteca del Ateneo de Madrid Biblioteca del Ateneo de Madrid Sala Pecera Planta 2 17/01/2008     F-8777-78 1050454 23/02/2023 23/02/2023 Libro impreso antiguo